000 01001nas1a22002771i 4500
001 RU\NLR\INFOCOMM10\1000245567
005 20240726080058.0
035 _a(NLR Aleph) 002545626
090 _a2973954
_c2973954
100 _a20040506b19271929|||y0rusy50 ca
101 0 _arus
102 _aRU
110 _aayu||||0|y0
200 1 _aСтатистический бюллетень Московско-Киево-Воронежской железной дороги
210 _aКурск
_cПравл. М.К.В. ж д.
_d1927-1929
710 0 2 _aМосковско-Киево-Воронежская железная дорога
_4070
801 1 _aRU
_bInfoComm
_c20040506
801 0 _aRU
_bNLR
_gPSBO
852 _aNLR
_jП22/1325
942 _cJOURNAL
980 _aRUSPER